Prénoms commençant par la lettre "A" - Statistiques

Statistiques générales
  • Ce quiz a été pris 323 fois
    286 depuis la dernière actualisation
  • Le résultat moyen est 6 sur 19
Statistiques - réponses
Indice Prénom % Correct
boréale Aurore
82%
talon Achille
67%
fil Ariane
67%
merveilles Alice
52%
pomme Adam
50%
Tirana Albanie
33%
démon Ange
31%
Sidonie Aglaé
26%
fleur Anémone
26%
ville d'Australie Adélaïde
24%
Cléopâtre Antoine
21%
11 Aude
16%
Héloïse Abélard
15%
gentil Aimable
15%
pâtisserie Amandine
13%
H Adèle
8%
le geste du semeur Auguste
7%
plante médicinale Angélique
3%
malheurs Alfred
2%
Aucun quiz correspondant
Distribution des résultats
% des personnes avec chaque résultat
Percentile par nombre de réponses
Votre historique - résultats
Vous n’avez pas pris ce quiz depuis la dernière actualisation